VfB Stuttgart players (2010-2020) - Statistics

General Stats
  • This quiz has been taken 12 times
  • The average score is 46 of 136
Answer Stats
Rank Player Positions Nationality Matches Goals (assists) Period % Correct
1 Christian Gentner CM 273 37 (32) 2010-2019
100%
6 Alexandru Maxim AM 116 16 (32) 2012-2017
91%
12 Arthur Boka LB 86 4 (6) 2010-2014
91%
11 Gotoku Sakai RB 87 1 (8) 2011-2015
91%
2 Martin Harnik RW 173 52 (29) 2010-2016
91%
19 Ibrahima Traoré LW 75 6 (15) 2011-2014
82%
16 Serdar Taşçı CB 80 3 (2) 2010-2014
82%
66 Borna Sosa LB 24 1 (4) 2018-2020
73%
17 Cristian Molinaro LB 76 0 (9) 2010-2014
73%
8 Daniel Didavi AM 99 26 (12) 2010-2011, 2012-2016, 2018-2020
73%
20 Mario Gómez ST 70 22 (5) 2017-2020
73%
27 Shinji Okazaki ST 63 10 (1) 2010-2013
73%
3 Sven Ulreich GK 161 0 (0) 2010-2015
73%
69 Wataru Endo DM 21 1 (1) 2019-2020
73%
21 Zdravko Kuzmanovic CM 70 14 (8) 2010-2013
73%
15 Benjamin Pavard CB 84 2 (2) 2016-2019
64%
13 Cacau ST 86 18 (9) 2010-2014
64%
5 Emiliano Insúa LB 125 3 (14) 2015-2020
64%
28 Filip Kostić LM 59 8 (13) 2014-2016
64%
18 Florian Klein RB 75 4 (4) 2014-2017
64%
48 Geoffroy Serey Dié DM 36 1 (4) 2014-2016
64%
54 Gregor Kobel GK 31 0 (0) 2019-2020
64%
58 Silas RW 29 7 (8) 2019-2020
64%
14 Vedad Ibisevic ST 86 33 (15) 2011-2015
64%
24 William Kvist DM 68 0 (2) 2011-2014
64%
83 Ciprian Marica ST 13 3 (7) 2010-2011
55%
4 Georg Niedermeier CB 131 11 (7) 2010-2016
55%
71 Matthieu Delpierre CB 19 1 (1) 2010-2012
55%
49 Mitchell Langerak GK 36 0 (0) 2015-2017
55%
30 Nico González RW 57 16 (6) 2018-2020
55%
80 Ozan Kabak CB 15 3 (0) 2018-2019
55%
22 Santiago Ascacíbar DM 69 1 (2) 2017-2020
55%
7 Timo Baumgartl CB 115 2 (1) 2014-2019
55%
26 Antonio Rüdiger CB 66 2 (1) 2011-2015
45%
74 Carlos Gruezo DM 18 1 (0) 2013-2016
45%
10 Daniel Schwaab CB 92 1 (3) 2013-2016
45%
23 Ron-Robert Zieler GK 68 0 (0) 2017-2019
45%
67 Atakan Karazor DM 23 2 (0) 2019-2020
36%
25 Daniel Ginczek ST 67 21 (10) 2014-2018
36%
134 Ermin Bicakcic CB 1 0 (0) 2010-2011
36%
111 Fabian Bredlow GK 4 0 (0) 2019-2020
36%
33 Gonzalo Castro CM 53 5 (11) 2018-2020
36%
64 Josip Brekalo LW 25 2 (2) 2016-2018
36%
75 Julian Schieber ST 18 3 (0) 2011-2012
36%
38 Marc Oliver Kempf CB 44 4 (4) 2018-2020
36%
72 Nat Phillips CB 19 0 (1) 2019-2020
36%
123 Odysseas Vlachodimos GK 3 0 (0) 2015-2016
36%
34 Orel Mangala DM 49 1 (3) 2017-2018, 2019-2020
36%
61 Oriol Romeu DM 27 0 (0) 2014-2015
36%
51 Pascal Stenzel RB 34 0 (2) 2019-2020
36%
44 Pavel Pogrebnyak ST 40 9 (3) 2010-2012
36%
55 Przemyslaw Tyton GK 30 0 (0) 2015-2016
36%
93 Rani Khedira DM 9 0 (0) 2013-2014
36%
107 Sasa Kalajdzic ST 6 1 (1) 2019-2020
36%
29 Tamás Hajnal AM 58 4 (14) 2010-2013
36%
9 Timo Werner LW 95 13 (10) 2013-2016
36%
108 Tobias Werner LW 6 0 (0) 2016-2017
36%
56 Adam Hlousek LB 29 0 (0) 2014-2016
27%
109 Aílton LB 5 0 (0) 2017-2018
27%
39 Anastasios Donis LW 43 7 (4) 2017-2020
27%
40 Berkay Özcan CM 41 3 (6) 2016-2019
27%
50 Christian Träsch DM 34 1 (2) 2010-2011
27%
37 Dennis Aogo LB 44 0 (6) 2017-2019
27%
31 Holger Badstuber CB 56 4 (0) 2017-2020
27%
77 Jean Zimmer RB 16 0 (0) 2016-2017
27%
128 Jerome Kiesewetter ST 2 0 (0) 2014-2015
27%
104 Karim Haggui CB 6 1 (0) 2013-2014
27%
62 Kevin Großkreutz RB 26 1 (0) 2015-2017
27%
32 Marcin Kaminski CB 55 1 (1) 2016-2018, 2019-2020
27%
100 Mateo Klimowicz AM 7 0 (0) 2019-2020
27%
101 Mauro Camoranesi RM 7 0 (1) 2010-2011
27%
86 Mohammed Abdellaoue ST 12 1 (1) 2013-2014
27%
43 Moritz Leitner CM 40 2 (4) 2013-2015
27%
68 Raphael Holzhauser AM 23 0 (3) 2011-2013
27%
36 Simon Terodde ST 47 27 (5) 2016-2018
27%
85 Steven Zuber AM 13 5 (1) 2018-2019
27%
41 Takuma Asano RW 41 5 (4) 2016-2018
27%
133 Tanguy Coulibaly RW 2 0 (0) 2019-2020
27%
47 Timo Gebhart AM 37 2 (6) 2010-2012
27%
76 Alexander Esswein ST 17 0 (0) 2018-2019
18%
35 Andreas Beck RB 47 1 (3) 2017-2019
18%
78 Anto Grgic CM 15 0 (3) 2016-2018
18%
126 Antonis Aidonis CB 2 0 (0) 2018-2019
18%
115 Arianit Ferati AM 3 0 (1) 2015-2016
18%
79 Artem Kravets ST 15 1 (2) 2015-2016
18%
70 Carlos Mané LW 19 6 (9) 2016-2017
18%
45 Chadrac Akolo RW 38 5 (1) 2017-2019
18%
97 Clinton Mola CB 8 0 (0) 2019-2020
18%
102 Darko Churlinov LW 6 1 (0) 2019-2020
18%
89 Ebenezer Ofori DM 10 0 (0) 2016-2018
18%
42 Francisco Rodríguez CB 40 2 (1) 2011-2013
18%
60 Hamadi Al-Ghaddioui ST 28 8 (4) 2019-2020
18%
112 Jacob Bruun Larsen LW 4 0 (0) 2017-2018
18%
98 Jan Kliment ST 8 1 (0) 2015-2016
18%
91 Julian Green CM 10 1 (0) 2016-2017
18%
46 Khalid Boulahrouz CB 37 2 (5) 2010-2012
18%
65 Konstantin Rausch LB 25 2 (0) 2013-2015
18%
57 Lukas Rupp CM 29 5 (6) 2015-2016
18%
122 Mart Ristl DM 3 0 (0) 2015-2016
18%
53 Matthias Zimmermann RB 32 1 (0) 2015-2018
18%
130 Maxime Awoudja CB 2 0 (0) 2019-2020
18%
131 Nunoo Sarpei DM 2 0 (0) 2018-2019
18%
99 Pablo Maffeo RB 8 0 (0) 2018-2019
18%
73 Philipp Klement AM 19 0 (4) 2019-2020
18%
124 Robbie Kruse LW 3 0 (0) 2015-2016
18%
88 Roberto Massimo RW 11 0 (1) 2019-2020
18%
113 Stephen Sama CB 4 0 (0) 2016-2017
18%
59 Toni Sunjic CB 29 3 (0) 2015-2017
18%
116 Benedikt Röcker CB 3 0 (0) 2012-2014
9%
81 Boris Tashchy AM 14 0 (1) 2015-2017
9%
117 Christoph Hemlein RW 3 0 (0) 2011-2012
9%
103 Dzenis Burnic RM 6 0 (0) 2017-2018
9%
118 Élson AM 3 0 (0) 2010-2011
9%
52 Erik Thommy AM 33 3 (7) 2017-2019
9%
127 Federico Barba CB 2 1 (0) 2015-2016
9%
82 Federico Macheda ST 14 0 (0) 2012-2013
9%
119 Felipe Lopes CB 3 0 (0) 2012-2013
9%
90 Hajime Hosogai DM 10 0 (0) 2016-2017
9%
120 Johan Audel LW 3 0 (0) 2010-2011
9%
129 Leon Dajaku CF 2 0 (0) 2018-2019
9%
121 Lilian Egloff AM 3 0 (1) 2019-2020
9%
135 Luca Mack DM 1 0 (0) 2019-2020
9%
105 Mamadou Bah DM 6 0 (0) 2010-2013
9%
136 Marvin Wanitzek CM 1 0 (0) 2015-2016
9%
92 Patrick Funk DM 9 1 (0) 2010-2011
9%
106 Philip Heise LB 6 0 (1) 2015-2017
9%
110 Philipp Degen RB 5 0 (0) 2010-2011
9%
63 Philipp Förster AM 26 3 (4) 2019-2020
9%
125 Robin Yalçın CB 3 0 (0) 2013-2014
9%
84 Sercan Sararer AM 13 0 (0) 2013-2015
9%
132 Soufian Benyamina ST 2 0 (0) 2012-2013
9%
94 Stefano Celozzi RB 9 0 (0) 2010-2012
9%
87 Sven Schipplock ST 12 1 (0) 2010-2011
9%
95 Thorsten Kirschbaum GK 9 0 (0) 2013-2015
9%
114 Tim Hoogland RB 4 0 (0) 2012-2013
9%
96 Tunay Torun RW 9 0 (0) 2012-2013
9%
No matching quizzes found
Score Distribution
Percent of People with Each Score
Percentile by Number Answered
Your Score History
You have not taken this quiz